Survivor: Most Vote Getters - Statistics

General Stats
  • This quiz has been taken 238 times
    80 since last reset
  • The average score is 34 of 63
Answer Stats
Season Number of Votes Answer % Correct
7 Lex van den Berghe
79%
Survivor: The Australian Outback 12 Jerri Manthey
77%
Survivor: All Stars 7 Jerri Manthey
77%
Survivor: Worlds Apart 18 Jenn Brown
76%
Survivor: Tocantins 11 Sierra Reed
74%
Survivor: Cambodia 17 Kelley Wentworth
73%
10 Rupert Boneham
73%
Survivor: Palau 8 Kim Mullen
71%
Survivor: South Pacific 17 Ozzy Lusth
71%
Survivor: Samoa 10 Erik Cardona
70%
Survivor: Borneo 11 Jenna Lewis
69%
Survivor 46 13 Q Burdette
69%
Survivor: David vs. Goliath 18 Christian Hubicki
67%
Survivor: Redemption Island 17 Phillip Sheppard
67%
Survivor: Game Changers 15 Sierra Dawn Thomas
67%
Survivor 47 12 Sierra Wright
67%
Survivor: Heroes vs. Healers vs. Hustlers 12 Joe Mena
66%
Survivor: Cook Islands 15 Jonathan Penner
66%
Survivor: Philippines 14 Jonathan Penner
66%
Survivor: Marquesas 11 Sarah Jones
64%
8 Stephenie LaGrossa
64%
10 Laura Morett
63%
Survivor: Blood vs. Water 19 Laura Morett
63%
Survivor: Heroes vs. Villains 10 Amanda Kimmel
61%
9 Aras Baskauskas
60%
8 Aubry Bracco
60%
Survivor: Island of the Idols 22 Karishma Patel
60%
Survivor: Pearl Islands 10 Burton Roberts
57%
Survivor: Winners at War 14 Denise Stapley
57%
10 Lillian Morris
56%
Survivor 48 15 Sai Hughley
56%
Survivor: Panama 9 Shane Powers
54%
Survivor: One World 12 Tarzan Smith
54%
Survivor: San Juan del Sur 17 Baylor Wilson
51%
Survivor: Caramoan 16 Eddie Fox
51%
Survivor: Thailand 10 Shii Ann Huang
51%
Survivor: Millennials vs. GenX 14 Zeke Smith
51%
Survivor: China 12 Jean-Robert Bellande
50%
7 Alicia Calaway
49%
Survivor 45 16 Kaleb Gebrewold
49%
Survivor: Gabon 11 Crystal Cox
47%
Survivor: Cagayan 9 Jeremiah Wood
46%
Survivor 42 9 Lydia Meredith
46%
10 Lydia Morales
46%
Survivor: Micronesia 12 Chet Welch
44%
9 Jefra Bland
44%
Survivor: Nicaragua 15 Marty Piombo
44%
Survivor: Ghost Island 15 Michael Yerger
44%
8 Willard Smith
44%
Survivor: Guatemala 10 Jamie Newton
43%
12 Clarence Black
41%
Survivor: Africa 12 Lindsey Richter
41%
9 Ryan Medrano
41%
Survivor 44 11 Frannie Marin
40%
Survivor: The Amazon 11 Roger Sexton
40%
Survivor: Vanautu 14 Rory Freeman
40%
Survivor: Fiji 10 Anthony Robinson
37%
8 Angie Jackusz
34%
Survivor: Edge of Extinction 15 Wendy Diaz
34%
Survivor 43 9 Jeanine Zheng
29%
Survivor 41 10 Liana Wallace
29%
Survivor: Kaoh Rong 8 Alecia Holden
26%
9 Chanelle Howell
26%
No matching quizzes found
Score Distribution
Percent of People with Each Score
Percentile by Number Answered
Your Score History
You have not taken this quiz since the last reset